Statistiche per Quiz sull'Ecuador

Clicka qui per fare il quiz!

Statistiche generali

  • Questo quiz è stato fatto 387 volte
  • Il punteggio medio è 13 su 21

Statistiche sulle risposte

HintRisposta% Corretto
Lingua ufficialeSpagnolo
97%
CapitaleQuito
94%
Colombia
92%
Paesi confinantiPerù
89%
Catena montuosa che attraversa il paeseAnde
86%
Linea di latitudine lungo il quale il paese è situatoEquatore
85%
Arcipelago situato a 906 Km ad ovest dalla costaGalapagos
72%
Impero che governò l'attuale Ecuador nel 1400Inca
71%
L'Ecuador è il maggior esportatore mondiale di questo fruttoBanana
70%
La parte est del paese fa parte di questa foresta pluvialeAmazzonia
66%
Scienziato che visitò queste isole a bordo dell'HMS BeagleCharles Darwin
63%
Tipo di cappello proveniente dell'Ecuador che ironicamente si chiama come un altra nazione del mondoCappello P{anama}
57%
Moneta usata in EcuadorDollaro americano
56%
Specie che si è estinta quando l'ultimo esemplare, Lonesome George, è morto nel 2012{Testuggine} dell'isola di Pinta
48%
Lingua nativa più parlataKichwa (Quechua)
45%
Il 72% degli ecuadoregni sono________, un mix di spagnoli e discendenti amerindiMeticci
45%
Città più popolosaGuayaquil
43%
Uccello presente sullo stemma del paeseCondor delle Ande
38%
Misurando dal centro della Terra, in Ecuador si trova la montagna più alta del mondoChimborazo
30%
Farmaco antimalarico estratto dalla Cinchona, l'albero nazionale dell'EcuadorChinino
28%
Tipo di iguana che si trova solo su queste isoleIguana {marina}
28%

Distribuzione punteggi

Percentile per numero di risposta

Percentuale di utenti per punteggio

I tuoi punteggi nel tempo

Non hai fatto questo quiz